[Event "5th OHRA Open"]
[Site "Amsterdam NED"]
[Date "1986.07.29"]
[Round "7"]
[White "Kuijf, Marinus"]
[Black "Gheorghiu, Florin"]
[Result "1/2-1/2"]
[WhiteElo "2430"]
[BlackElo "2555"]
[EventDate "1986.07.22"]
[PlyCount "46"]

1.e4 c5 2.Ne2 e6 3.Nbc3 a6 4.g3 Nc6 5.d4 cxd4 6.Nxd4 d6 7.Bg2 Bd7 8.O-O 
Be7 9.Re1 Qc7 10.Nxc6 Bxc6 11.Qg4 h5 12.Qe2 Nf6 13.a4 Rd8 14.Bg5 Kf8 15.
Rad1 Ne8 16.Be3 Nf6 17.h3 g6 18.Qc4 Rc8 19.Qd4 Kg7 20.Bg5 Rhd8 21.Qe3 Ng8 
22.Bxe7 Qxe7 23.Rd2 Nf6 1/2-1/2

[Event "5th OHRA Open"]
[Site "Amsterdam NED"]
[Date "1986.07.29"]
[Round "7"]
[White "Pieterse, Gert"]
[Black "Rivas Pastor, Manuel"]
[Result "1-0"]
[WhiteElo "2265"]
[BlackElo "2470"]
[EventDate "1986.07.22"]
[PlyCount "79"]

1.d4 Nf6 2.c4 e6 3.Nc3 d5 4.cxd5 exd5 5.Bg5 c6 6.Qc2 Be7 7.e3 Nbd7 8.Bd3 
O-O 9.Nge2 Re8 10.O-O Nf8 11.Rab1 a5 12.a3 g6 13.Rbe1 Ne6 14.Bh4 b6 15.Qb3
b5 16.Rc1 a4 17.Qc2 Bb7 18.Na2 Nd7 19.Bxe7 Qxe7 20.Nb4 Rac8 21.Qc3 Nb6 22.
Rc2 c5 23.dxc5 Rxc5 24.Qe1 d4 25.Rxc5 Qxc5 26.Qc1 dxe3 27.Qxc5 Nxc5 28.
Bxb5 exf2+ 29.Rxf2 Re5 30.Nc3 Re1+ 31.Rf1 Re5 32.Rd1 Ne6 33.Rd6 Nc8 34.Rd7
Nc5 35.Rd8+ Kg7 36.Bc6 Ne7 37.Bxb7 Nxb7 38.Ra8 Nc5 39.Ra5 Kf6 40.Rxc5 1-0

[Event "5th OHRA Open"]
[Site "Amsterdam NED"]
[Date "1986.07.29"]
[Round "7"]
[White "Sehner, Norbert"]
[Black "Piket, Marcel"]
[Result "0-1"]
[WhiteElo "2390"]
[BlackElo "2375"]
[EventDate "1986.07.22"]
[PlyCount "82"]

1.c4 g6 2.g3 Bg7 3.Bg2 e5 4.Nc3 d6 5.e3 Nc6 6.Nge2 h5 7.h4 Bg4 8.d3 Nge7 
9.b3 O-O 10.Bb2 Rb8 11.Qd2 Re8 12.O-O Qd7 13.Kh2 a6 14.Rac1 Kh7 15.Ng1 Bh6
16.Ne4 Ng8 17.Nh3 f6 18.b4 Bg7 19.a4 Nce7 20.b5 Nh6 21.Ba3 b6 22.d4 Bxh3 
23.Bxh3 Ng4+ 24.Kg1 Nf5 25.Bxg4 hxg4 26.dxe5 Rxe5 27.Nc3 a5 28.Bb2 Qf7 29.
Qd3 Rbe8 30.Rce1 Ne7 31.e4 f5 32.Ba1 Ng8 33.Re2 f4 34.Nd5 f3 35.Re3 g5 36.
hxg5 Qh5 37.Rfe1 Qxg5 38.Nxc7 R8e7 39.Nd5 R7e6 40.Nf4 Rh6 41.Rd1 Qh5 0-1

[Event "5th OHRA Open"]
[Site "Amsterdam NED"]
[Date "1986.07.29"]
[Round "7"]
[White "Weemaes, Ronald"]
[Black "Meulders, Richard"]
[Result "1/2-1/2"]
[WhiteElo "2335"]
[BlackElo "2370"]
[EventDate "1986.07.22"]
[PlyCount "121"]

1.d4 d5 2.Nf3 Nc6 3.Bf4 Bg4 4.e3 e6 5.Be2 Bd6 6.Bxd6 Qxd6 7.O-O Nf6 8.c4 
O-O 9.Nc3 Rad8 10.Rc1 dxc4 11.Qa4 Qb4 12.Qxb4 Nxb4 13.Bxc4 Bxf3 14.gxf3 c6
15.a3 Nbd5 16.Rc2 Rfe8 17.Nxd5 exd5 18.Bd3 Re7 19.b4 Ne8 20.a4 g6 21.Rc5 
Nc7 22.Rfc1 Ne6 23.R5c3 f5 24.f4 Kf7 25.b5 cxb5 26.axb5 b6 27.Bb1 Red7 28.
Kf1 Ke7 29.Ke2 Ra8 30.Bd3 Rb8 31.Kd2 Rbb7 32.Rc8 Rdc7 33.R1xc7+ Rxc7 34.
Ra8 Nd8 35.Be2 Rd7 36.Bd3 Nf7 37.Ke2 Nd6 38.Kd2 Ne8 39.Rc8 Rc7 40.Ra8 Nd6 
41.f3 Nc8 42.Be2 Kd8 43.e4 Rd7 44.exf5 gxf5 45.Bd3 Rf7 46.Bc2 Kc7 47.Bb3 
Rf6 48.Bxd5 Rd6 49.Bc6 Rxd4+ 50.Ke3 Rd6 51.Kf2 a5 52.Kg3 Rd8 53.Kh4 Rd2 
54.h3 Rg2 55.Kh5 Rg3 56.h4 Rg6 57.Bd5 Rd6 58.Bc6 Rg6 59.Bd5 Rd6 60.Bc6 Rg6
61.Bd5 1/2-1/2

[Event "5th OHRA Open"]
[Site "Amsterdam NED"]
[Date "1986.07.30"]
[Round "8"]
[White "Geller, Efim"]
[Black "Murey, Jacob"]
[Result "1/2-1/2"]
[WhiteElo "2490"]
[BlackElo "2490"]
[EventDate "1986.07.22"]
[PlyCount "29"]

1.d4 d5 2.c4 c6 3.Nf3 Nf6 4.Nc3 dxc4 5.a4 a5 6.e4 Bg4 7.Bxc4 e6 8.O-O Bb4 
9.e5 Nd5 10.Ne4 Nd7 11.Bg5 Qb6 12.Be2 h6 13.Bc1 O-O-O 14.Bd2 f5 15.exf6 
1/2-1/2

[Event "5th OHRA Open"]
[Site "Amsterdam NED"]
[Date "1986.07.30"]
[Round "8"]
[White "Ree, Hans"]
[Black "Smejkal, Jan"]
[Result "1/2-1/2"]
[WhiteElo "2450"]
[BlackElo "2540"]
[EventDate "1986.07.22"]
[PlyCount "69"]

1.c4 e5 2.Nc3 Nf6 3.Nf3 Nc6 4.g3 d5 5.cxd5 Nxd5 6.Bg2 Nb6 7.O-O Be7 8.d3 
O-O 9.Be3 Be6 10.Qc1 f6 11.Ne4 Bd5 12.Rd1 Rb8 13.Nc3 Bxf3 14.Bxf3 Nd4 15.
Bxd4 exd4 16.Ne4 c6 17.Nc5 Qd6 18.b4 Kh8 19.Qb2 Nd7 20.Nxd7 Qxd7 21.Rdc1 
Bd8 22.a4 a6 23.b5 Ba5 24.bxc6 bxc6 25.Qa2 Bc3 26.Rab1 c5 27.Rxb8 Rxb8 28.
Rb1 Bb4 29.Qc4 Qd6 30.a5 Re8 31.Rb2 g6 32.Bb7 Kg7 33.Qxa6 Qxa6 34.Bxa6 Ra8
35.Bc4 1/2-1/2

[Event "5th OHRA Open"]
[Site "Amsterdam NED"]
[Date "1986.07.30"]
[Round "8"]
[White "Martinovic, Slobodan"]
[Black "Douven, Rudy"]
[Result "1/2-1/2"]
[WhiteElo "2425"]
[BlackElo "2415"]
[EventDate "1986.07.22"]
[PlyCount "102"]

1.d4 Nf6 2.c4 e6 3.Nf3 b6 4.e3 Bb7 5.Bd3 d5 6.O-O Be7 7.b3 O-O 8.Bb2 c5 9.
Nbd2 cxd4 10.exd4 Nc6 11.Rc1 Rc8 12.Qe2 Re8 13.Rfd1 Bf8 14.h3 g6 15.Qe3 
Bg7 16.Ne5 Ne7 17.c5 Nd7 18.Bb5 Nc6 19.Nxd7 Qxd7 20.cxb6 a6 21.Ba4 Qd8 22.
Nf3 Qxb6 23.Ne5 Red8 24.Bxc6 Bxc6 25.Rc5 Be8 26.Rdc1 Qb8 27.h4 Rxc5 28.
Rxc5 Qd6 29.Nf3 h5 30.Bc3 Qb8 31.Bd2 Rc8 32.Qc3 Rxc5 33.Qxc5 Bf8 34.Qc1 
Bd6 35.Bg5 Qc7 36.Qd2 a5 37.g3 Bb4 38.Qe2 a4 39.Bf6 Qc3 40.bxa4 Bxa4 41.
Kg2 Bc2 42.Ng5 Bd3 43.Qe5 Qe1 44.Qf4 Qf1+ 45.Kh2 Bf5 46.a4 Bd6 47.Qe3 Bb4 
48.Qf4 Bd6 49.Qd2 Bb4 50.Qf4 Bd6 51.Qe3 Bb4 1/2-1/2

[Event "5th OHRA Open"]
[Site "Amsterdam NED"]
[Date "1986.07.30"]
[Round "8"]
[White "Eslon, Jaan"]
[Black "Mednis, Edmar John"]
[Result "1-0"]
[WhiteElo "2415"]
[BlackElo "2470"]
[EventDate "1986.07.22"]
[PlyCount "117"]

1.d4 Nf6 2.c4 g6 3.f3 Bg7 4.e4 d6 5.Bd3 O-O 6.Ne2 c6 7.Nbc3 a6 8.O-O b5 9.
a3 Nbd7 10.Kh1 e5 11.cxb5 axb5 12.Be3 Rb8 13.b4 Bb7 14.Qb3 exd4 15.Nxd4 
Re8 16.Bg1 Nh5 17.f4 Qh4 18.Rf3 Qe7 19.Qa2 Nf8 20.Raf1 Ne6 21.Nce2 Nf6 22.
Nb3 Nd8 23.e5 Nd7 24.exd6 Qxd6 25.Nc5 Nf6 26.f5 Bc8 27.Ng3 Qd5 28.Qb1 Ng4 
29.Bc2 Qd6 30.fxg6 hxg6 31.Nge4 Qe7 32.h3 Ne5 33.Nf6+ Bxf6 34.Rxf6 Ne6 35.
Nxe6 Bxe6 36.Bc5 Qd7 37.R6f2 Bd5 38.Kg1 Ra8 39.Qc1 Bc4 40.Rd1 Bd5 41.Be4 
Qe6 42.Bxd5 cxd5 43.Rf4 Nd7 44.Bd4 Rac8 45.Rh4 Kf8 46.Qg5 f6 47.Qxg6 Ke7 
48.Rh7+ Kd6 49.Qg3+ Kc6 50.a4 bxa4 51.Qd3 Kd6 52.Qa6+ Rc6 53.Bc5+ Kc7 54.
Qa5+ Kc8 55.Qa8+ Kc7 56.Qxa4 Rg8 57.Qa2 Qf5 58.Qa5+ Kc8 59.Qa8+ 1-0

[Event "5th OHRA Open"]
[Site "Amsterdam NED"]
[Date "1986.07.30"]
[Round "8"]
[White "Marjanovic, Slavoljub"]
[Black "Kuijf, Marinus"]
[Result "1-0"]
[WhiteElo "2515"]
[BlackElo "2430"]
[EventDate "1986.07.22"]
[PlyCount "79"]

1.d4 d5 2.Nf3 Nf6 3.e3 Bf5 4.c4 e6 5.Nc3 c6 6.Bd3 Bxd3 7.Qxd3 Bb4 8.O-O 
Nbd7 9.Bd2 Bxc3 10.Bxc3 O-O 11.Nd2 c5 12.Rac1 Rc8 13.Rfd1 dxc4 14.Nxc4 b5 
15.Nd6 c4 16.Qd2 Rb8 17.Ba5 Qe7 18.Bc7 a6 19.b3 cxb3 20.axb3 Ra8 21.e4 b4 
22.Rc6 a5 23.Qc2 Nb8 24.Rc4 Na6 25.e5 Nd5 26.Bxa5 f5 27.Qd3 Qd7 28.Rdc1 h6
29.h3 Kh8 30.Rc6 Nb8 31.Rc8 Rxc8 32.Rxc8+ Kh7 33.Rd8 Qa7 34.Nxf5 g6 35.Nh4
Qf7 36.Nxg6 Rxa5 37.Ne7+ Kg7 38.Qg3+ Kh7 39.Nxd5 Rxd5 40.Qd3+ 1-0

[Event "5th OHRA Open"]
[Site "Amsterdam NED"]
[Date "1986.07.30"]
[Round "8"]
[White "Piket, Jeroen"]
[Black "Braga, Fernando Alberto"]
[Result "1/2-1/2"]
[WhiteElo "2390"]
[BlackElo "2480"]
[EventDate "1986.07.22"]
[PlyCount "40"]

1.d4 d5 2.Nf3 Nf6 3.c4 dxc4 4.Nc3 c5 5.d5 e6 6.e4 exd5 7.e5 Nfd7 8.Bg5 Be7
9.Bxe7 Qxe7 10.Nxd5 Qd8 11.Bxc4 Nc6 12.O-O O-O 13.Re1 Nb6 14.Nxb6 axb6 15.
Qxd8 Nxd8 16.Rad1 Be6 17.Bxe6 Nxe6 18.Rd6 Rxa2 19.Rxb6 Rb8 20.g3 Ra6 
1/2-1/2

[Event "5th OHRA Open"]
[Site "Amsterdam NED"]
[Date "1986.07.30"]
[Round "8"]
[White "Boersma, Paulus"]
[Black "Peelen, Piet"]
[Result "1/2-1/2"]
[WhiteElo "2400"]
[BlackElo "2395"]
[EventDate "1986.07.22"]
[PlyCount "116"]

1.Nf3 Nf6 2.c4 g6 3.Nc3 d5 4.Qa4+ Bd7 5.Qb3 dxc4 6.Qxc4 Bg7 7.e4 Bc6 8.Be2
O-O 9.d3 Nbd7 10.e5 Nh5 11.d4 Nb6 12.Qc5 Qd7 13.O-O Rad8 14.Be3 f5 15.Rac1
e6 16.Rfd1 f4 17.Bd2 Rf5 18.Bb5 Bf8 19.Bxc6 bxc6 20.Qa5 Nc4 21.Qa6 Nxb2 
22.Rf1 c5 23.Rb1 cxd4 24.Ne4 Na4 25.Rfc1 Nb6 26.Qxa7 Qd5 27.Qxc7 Na8 28.
Qc6 Qxa2 29.Rb7 Qd5 30.Qxd5 exd5 31.Neg5 h6 32.Ne6 Re8 33.Nexd4 Rf7 34.
Rcb1 Nc7 35.Rb8 Rxb8 36.Rxb8 g5 37.h3 Ng7 38.Bb4 Nge6 39.Kf1 Kg7 40.Bxf8+ 
Rxf8 41.Nxe6+ Nxe6 42.Rb7+ Rf7 43.Rb5 Rd7 44.Rb6 Kf7 45.Ke2 h5 46.Kd3 g4 
47.hxg4 hxg4 48.Nd4 Nc5+ 49.Ke2 Re7 50.Rf6+ Kg8 51.e6 f3+ 52.gxf3 Kg7 53.
Rf4 gxf3+ 54.Kxf3 Kg6 55.Rg4+ Kf6 56.Rh4 Kg5 57.Rg4+ Kf6 58.Rf4+ Kg6 
1/2-1/2

[Event "5th OHRA Open"]
[Site "Amsterdam NED"]
[Date "1986.07.30"]
[Round "8"]
[White "Hartoch, Robert"]
[Black "Pliester, Leon"]
[Result "1/2-1/2"]
[WhiteElo "2370"]
[BlackElo "2380"]
[EventDate "1986.07.22"]
[PlyCount "83"]

1.Nf3 Nf6 2.g3 g6 3.b3 Bg7 4.Bb2 O-O 5.Bg2 d6 6.d4 c6 7.O-O a5 8.c4 a4 9.
bxa4 Qa5 10.Nfd2 Qxa4 11.Qxa4 Rxa4 12.Nc3 Ra7 13.a4 Ng4 14.Nb3 f5 15.a5 e5
16.d5 e4 17.Na4 Bxb2 18.Nxb2 Ne5 19.Rfd1 c5 20.Nd2 Bd7 21.f4 exf3 22.exf3 
Na6 23.f4 Ng4 24.Re1 Nb4 25.h3 Nf6 26.Rec1 Re8 27.Kf2 Kf7 28.Nb3 h5 29.Rc3
h4 30.gxh4 Nh5 31.Bf1 Nxf4 32.Rd1 Raa8 33.Rf3 Nh5 34.Nd3 Nxd3+ 35.Bxd3 Nf6
36.Rb1 Bc8 37.Re3 Rxe3 38.Kxe3 Bd7 39.Nd2 Re8+ 40.Kf2 Bc8 41.Nf3 Rh8 42.
Re1 1/2-1/2

[Event "5th OHRA Open"]
[Site "Amsterdam NED"]
[Date "1986.07.30"]
[Round "8"]
[White "De Boer, Gert Jan"]
[Black "Blees, Albert"]
[Result "1/2-1/2"]
[WhiteElo "2440"]
[BlackElo "2360"]
[EventDate "1986.07.22"]
[PlyCount "111"]

1.d4 Nf6 2.Nf3 e6 3.c4 c5 4.d5 exd5 5.cxd5 d6 6.Nc3 g6 7.Bf4 Bg7 8.Qa4+ 
Bd7 9.Qb3 Qc7 10.e4 O-O 11.Nd2 Nh5 12.Be3 f5 13.exf5 gxf5 14.Be2 Be8 15.
Nf3 h6 16.O-O Nd7 17.Rfe1 a6 18.a4 Ne5 19.Nxe5 Bxe5 20.Bxh6 Rf6 21.Bg5 Rg6
22.h4 Rg7 23.Bf3 Qf7 24.Rad1 Nf6 25.Ne2 Rc8 26.Qc2 Bd7 27.g3 Ne4 28.Bf4 
Qf6 29.Bxe5 Qxe5 30.Nc3 Qf6 31.Bxe4 fxe4 32.Qxe4 Re8 33.Qc4 Rxe1+ 34.Rxe1 
Rg4 35.Re4 Qxh4 36.Rxg4+ Qxg4 37.Qxg4+ Bxg4 38.Kg2 b6 39.f3 Bd7 40.g4 Kf7 
41.Kg3 b5 42.axb5 axb5 43.f4 b4 44.Ne4 Ke7 45.f5 Be8 46.g5 Bf7 47.g6 Bxd5 
48.f6+ Ke6 49.f7 Ke7 50.Nxd6 c4 51.Kf4 c3 52.bxc3 bxc3 53.Ke3 c2 54.Kd2 
Bb3 55.Kc1 Kf8 56.Kb2 1/2-1/2

[Event "5th OHRA Open"]
[Site "Amsterdam NED"]
[Date "1986.07.30"]
[Round "8"]
[White "Meulders, Richard"]
[Black "Langeweg, Christian"]
[Result "0-1"]
[WhiteElo "2370"]
[BlackElo "2400"]
[EventDate "1986.07.22"]
[PlyCount "88"]

1.d4 Nf6 2.Nf3 e6 3.e3 b6 4.Bd3 Bb7 5.Nbd2 c5 6.O-O Be7 7.b3 O-O 8.Bb2 
cxd4 9.exd4 Nc6 10.a3 Re8 11.Re1 Rc8 12.Qe2 Nd5 13.g3 Nf6 14.Rac1 Bf8 15.
Qf1 Ne7 16.Qh3 Ng6 17.Ne5 d6 18.Nxg6 hxg6 19.Re2 Nh5 20.Rce1 Qg5 21.Ne4 
Qh6 22.Qf1 Nf6 23.Bc1 Qh5 24.Ng5 Nh7 25.Nxh7 Qxh7 26.f4 Qh5 27.c4 Red8 28.
b4 b5 29.cxb5 Qd5 30.Re4 f5 31.Bb2 fxe4 32.Bxe4 Qxe4 33.Rxe4 Bxe4 34.d5 
Rc2 35.Qa1 Rg2+ 36.Kf1 Rxh2 37.Bd4 Rh1+ 38.Bg1 Bxd5 39.Qc3 Be7 40.Qc7 Bf6 
41.Qxa7 Rc8 42.Ke2 Rc2+ 43.Kd3 Rc3+ 44.Kd2 Rxg3 0-1

[Event "5th OHRA Open"]
[Site "Amsterdam NED"]
[Date "1986.07.30"]
[Round "8"]
[White "Piket, Marcel"]
[Black "Weemaes, Ronald"]
[Result "1/2-1/2"]
[WhiteElo "2375"]
[BlackElo "2335"]
[EventDate "1986.07.22"]
[PlyCount "46"]

1.d4 f5 2.g4 fxg4 3.e4 d6 4.h3 Nf6 5.Nc3 e5 6.d5 Be7 7.hxg4 Bxg4 8.f3 Bc8 
9.Be3 Nbd7 10.Qd2 c5 11.dxc6 bxc6 12.Bc4 Nb6 13.Bb3 Ba6 14.Bg5 d5 15.Qh2 
d4 16.Qxe5 dxc3 17.Rd1 Nbd7 18.Qe6 Qc7 19.Ne2 Rf8 20.Bf4 Nc5 21.Bxc7 Nxe6 
22.Bxe6 cxb2 23.Ng3 Bb4+ 1/2-1/2

[Event "5th OHRA Open"]
[Site "Amsterdam NED"]
[Date "1986.08.01"]
[Round "9"]
[White "Dolmatov, Sergei"]
[Black "Douven, Rudy"]
[Result "1-0"]
[WhiteElo "2510"]
[BlackElo "2415"]
[EventDate "1986.07.22"]
[PlyCount "101"]

1.e4 c6 2.c4 d5 3.exd5 cxd5 4.cxd5 Qxd5 5.Nc3 Qd6 6.d4 e6 7.Nf3 Nf6 8.Bd3 
Be7 9.O-O O-O 10.a3 Nc6 11.Bc2 Rd8 12.Be3 Bd7 13.Qd3 Be8 14.Rad1 Rac8 15.
Rfe1 g6 16.Bb3 Na5 17.Ba2 Bc6 18.Ne5 Bd5 19.Bxd5 Nxd5 20.Bh6 Nc6 21.Qf3 
Nxe5 22.dxe5 Qc6 23.Nxd5 Rxd5 24.Rxd5 exd5 25.h4 Qe6 26.g3 Bf8 27.Bf4 h5 
28.Rd1 Rd8 29.Rc1 Be7 30.Qb3 Rd7 31.Qc3 Rd8 32.Qc7 Qd7 33.Qxd7 Rxd7 34.
Rc8+ Kg7 35.Kf1 b6 36.Ke2 Rb7 37.Kd3 Rd7 38.f3 a5 39.Rb8 Bd8 40.Kd4 Bc7 
41.Rb7 Kf8 42.Kd3 Ke7 43.e6 Bxf4 44.exd7 Bxg3 45.Kd4 Bxh4 46.Kxd5 g5 47.
Kc6 g4 48.fxg4 hxg4 49.Rb8 Ke6 50.Rh8 Bf6 51.Rh6 1-0

[Event "5th OHRA Open"]
[Site "Amsterdam NED"]
[Date "1986.08.01"]
[Round "9"]
[White "Ree, Hans"]
[Black "Zapata Ramirez, Alonso"]
[Result "1/2-1/2"]
[WhiteElo "2450"]
[BlackElo "2495"]
[EventDate "1986.07.22"]
[PlyCount "28"]

1.d4 Nf6 2.c4 d6 3.Nf3 Nbd7 4.Nc3 c6 5.e4 e5 6.Be2 g6 7.O-O Bg7 8.d5 cxd5 
9.cxd5 O-O 10.Nd2 Bh6 11.Nc4 Bxc1 12.Rxc1 Nc5 13.f3 Nh5 14.g3 f5 1/2-1/2

[Event "5th OHRA Open"]
[Site "Amsterdam NED"]
[Date "1986.08.01"]
[Round "9"]
[White "Braga, Fernando Alberto"]
[Black "De Boer, Gert Jan"]
[Result "1-0"]
[WhiteElo "2480"]
[BlackElo "2440"]
[EventDate "1986.07.22"]
[PlyCount "67"]

1.e4 c5 2.Nf3 e6 3.d4 cxd4 4.Nxd4 Nf6 5.Nc3 d6 6.Be2 Be7 7.O-O O-O 8.f4 
Nc6 9.Be3 Qc7 10.Kh1 Nxd4 11.Qxd4 a6 12.a4 Bd7 13.e5 Ne8 14.Ne4 Bc6 15.Bd3
Rd8 16.Qa7 f5 17.Bb6 Qb8 18.Qxb8 Rxb8 19.exd6 Nxd6 20.Nc5 Rf6 21.Rfe1 Kf7 
22.Rad1 Rg8 23.Bc7 Ne8 24.Nxe6 Rxe6 25.Rxe6 Nxc7 26.Re5 Rf8 27.Rxf5+ Bf6 
28.Bc4+ Ke7 29.b3 g6 30.Rc5 Bg7 31.b4 Rxf4 32.b5 Rxc4 33.bxc6 Rb4 34.Rd7+ 
1-0

[Event "5th OHRA Open"]
[Site "Amsterdam NED"]
[Date "1986.08.01"]
[Round "9"]
[White "Pliester, Leon"]
[Black "Mednis, Edmar John"]
[Result "0-1"]
[WhiteElo "2380"]
[BlackElo "2470"]
[EventDate "1986.07.22"]
[PlyCount "80"]

1.d4 Nf6 2.c4 e6 3.Nc3 Bb4 4.e3 c5 5.Bd3 Nc6 6.Nf3 Bxc3+ 7.bxc3 d6 8.O-O 
e5 9.Ng5 O-O 10.f4 exd4 11.cxd4 h6 12.Nf3 cxd4 13.exd4 d5 14.Ba3 Re8 15.
Ne5 dxc4 16.Bxc4 Be6 17.Bxe6 Rxe6 18.f5 Re8 19.Bb2 Qb6 20.Nc4 Qb5 21.Rc1 
Rad8 22.Qd3 Qd5 23.Rcd1 b5 24.Ne3 Qxa2 25.Bc3 b4 26.Ba1 Ne5 27.dxe5 Rxd3 
28.Rxd3 Ne4 29.e6 fxe6 30.fxe6 Qxe6 31.Nf5 Nc3 32.Bxc3 bxc3 33.Rxc3 Rf8 
34.Rcf3 Qb6+ 35.Kh1 Kh7 36.h4 g6 37.Ne3 Rxf3 38.Rxf3 Qd4 39.g4 a5 40.Kg2 
a4 0-1